¿Crisis, cuál crisis? /
En este prólogo Wallerstein realiza un análisis de la crisis económica que se instauró desde el 2007 con una perspectiva de largo alcance temporal que involucra los ciclos Kondratiev de la economía mundo capitalista. Para el autor el sistema ha transitado de burbuja en burbuja hasta intentar, en est...
Gardado en:
| Autor Principal: | |
|---|---|
| Formato: | Texto |
| Materias: | |
| Etiquetas: |
Engadir etiqueta
Sen Etiquetas, Sexa o primeiro en etiquetar este rexistro!
|
MARC
| LEADER | 00000 a a2200000 04500 | ||
|---|---|---|---|
| 001 | 41422 | ||
| 003 | |||
| 040 | |||
| 100 | |a Wallersterin, Immanuel | ||
| 245 | |a ¿Crisis, cuál crisis? / |c Immanuel Wallerstein | ||
| 520 | |a En este prólogo Wallerstein realiza un análisis de la crisis económica que se instauró desde el 2007 con una perspectiva de largo alcance temporal que involucra los ciclos Kondratiev de la economía mundo capitalista. Para el autor el sistema ha transitado de burbuja en burbuja hasta intentar, en este momento, poner a prueba una última burbuja: el rescate de los bancos y la emisión de dólares. | ||
| 590 | |a DISEMINAR072011/RRA/AGOSTO2011 | ||
| 650 | |a RECESION ECONOMICA | ||
| 650 | |a CICLOS ECONOMICOS | ||
| 650 | |a CAPITALISMO | ||
| 650 | |a CAMBIO ECONOMICO | ||
| 650 | |a SISTEMAS ECONOMICOS | ||
| 773 | |g páginas 9-22 | ||
| 999 | |c 39160 |d 39160 | ||
